Japan as number one lessons for America

Gardado en:
Detalles Bibliográficos
Autor Principal: Ezra F. Vogel
Formato: Libro
Idioma:Undetermined
Publicado: Cambridge Harvard University Press 1979
Những chủ đề:
Các nhãn: Engadir etiqueta
Sen Etiquetas, Sexa o primeiro en etiquetar este rexistro!
Thư viện lưu trữ: Trung tâm Học liệu Trường Đại học Cần Thơ
LEADER 00507nam a2200181Ia 4500
001 CTU_84959
008 210402s9999 xx 000 0 und d
082 |a 309.1 
082 |b V878 
100 |a Ezra F. Vogel 
245 0 |a Japan as number one lessons for America 
245 0 |c Ezra F. Vogel 
260 |a Cambridge 
260 |b Harvard University Press 
260 |c 1979 
650 |a japan 
650 |x social conditions,economic conditions 
980 |a Trung tâm Học liệu Trường Đại học Cần Thơ